a practical approach to parallel computing / (Record no. 62144)

MARC details
000 -LEADER
fixed length control field 00439nam a22001457a 4500
005 - DATE AND TIME OF LATEST TRANSACTION
control field 20180731160642.0
020 ## - INTERNATIONAL STANDARD BOOK NUMBER
International Standard Book Number 8173711321
Terms of availability 00.00
035 ## - SYSTEM CONTROL NUMBER
System control number B-46600, B-046599
037 ## - SOURCE OF ACQUISITION
Stock number DPL
Source of stock number/acquisition ENG
100 ## - MAIN ENTRY--PERSONAL NAME
Personal name Ghoshal, S K
245 ## - TITLE STATEMENT
Title a practical approach to parallel computing /
Statement of responsibility, etc by S K Ghoshal
260 ## - PUBLICATION, DISTRIBUTION, ETC. (IMPRINT)
Place of publication, distribution, etc Hyderabad
Name of publisher, distributor, etc Universities Press (India) Ltd.
Date of publication, distribution, etc 2000
300 ## - PHYSICAL DESCRIPTION
Extent xi, 95p.
Dimensions 18 cms.
942 ## - ADDED ENTRY ELEMENTS (KOHA)
Source of classification or shelving scheme Dewey Decimal Classification
Item type English Books
Classification part 005.4
Call number suffix GHO
Holdings
Withdrawn status Lost status Not for loan Collection code Home library Current library Date acquired Cost, normal purchase price Full call number Barcode Cost, replacement price Koha item type Source of acquisition
      Non-fiction Patel Nagar Patel Nagar 31/07/2018 0.00 005.4 GHO B-046599 0.00 English Books BPPD/PUB
      Non-fiction Sarojini Nagar Sarojini Nagar 07/02/2012 0.00 005.4 GHO B-46600 0.00 English Books  

© Delhi Public Library
Hit Counter
free hit counter